[Event "Chess.com Classic Div 3 W"]
[Site "chess.com INT"]
[Date "2024.05.10"]
[Round "1.4"]
[White "Radjabov, Teimour"]
[Black "Vokhidov, Shamsiddin"]
[Result "1/2-1/2"]
[WhiteTitle "GM"]
[BlackTitle "GM"]
[WhiteElo "2723"]
[BlackElo "2592"]
[WhiteFideId "13400924"]
[BlackFideId "14204223"]
[EventDate "2024.05.10"]
[EventType "k.o."]

1. Nf3 Nf6 2. c4 e6 3. Nc3 d5 4. d4 Bb4 5. Bg5 h6 6. Bxf6 Qxf6 7. e3 O-O 8. Rc1
dxc4 9. Bxc4 c5 10. O-O cxd4 11. Ne4 Qe7 12. a3 Ba5 13. Qxd4 Rd8 14. Qe5 Bb6 15.
Rfd1 Nd7 16. Qd6 Kf8 17. Qxe7+ Kxe7 18. Nd6 Nf6 19. Nxc8+ Raxc8 20. Rxd8 Rxd8
21. Kf1 Ne4 22. Ke2 g5 23. Rc2 g4 24. Ne5 h5 25. Bd3 Nxf2 26. Kxf2 Kf6 27. Nxg4+
hxg4 28. Be4 Ke5 29. Bxb7 Rd3 30. Re2 f5 31. g3 Kf6 32. Ba6 Rd8 33. Bc4 e5 34.
Kg2 Rh8 35. b3 Bc5 36. a4 Bb6 37. Re1 Kg5 38. Re2 Bc5 39. Re1 Rd8 40. Re2 Rd1
41. h4+ Kf6 42. a5 Rc1 43. Rd2 e4 44. Re2 Ra1 45. a6 Rc1 46. Bd5 Ke5 47. Bc4 Rc3
48. Kf2 Bb6 49. Re1 Kf6 50. Re2 Rc1 51. Kg2 Kg6 52. Bd5 Bc5 53. Bc4 Ra1 54. Bb5
Rc1 55. Bc4 Kf6 56. Bd5 Ke5 57. Bc4 Ra1 58. Bb5 Bb6 59. Bc4 Rc1 60. Bf7 Rc3 61.
Kf2 Bc5 62. Bc4 Kf6 63. Bd5 Rc1 64. Kg2 1/2-1/2

[Event "Chess.com Classic Div 3 W"]
[Site "chess.com INT"]
[Date "2024.05.10"]
[Round "1.4"]
[White "Tang, Andrew"]
[Black "Sjugirov, Sanan"]
[Result "1/2-1/2"]
[WhiteTitle "GM"]
[BlackTitle "GM"]
[WhiteElo "2505"]
[BlackElo "2692"]
[WhiteFideId "2059630"]
[BlackFideId "4189302"]
[EventDate "2024.05.10"]
[EventType "k.o."]

1. d4 Nf6 2. c4 e6 3. Nc3 d5 4. cxd5 exd5 5. Bg5 Be7 6. e3 h6 7. Bh4 Bg4 8. f3
Be6 9. Bd3 c5 10. Nge2 Nc6 11. O-O O-O 12. Qd2 Rc8 13. Rad1 cxd4 14. Nxd4 Nxd4
15. exd4 a6 16. Rfe1 Qd7 17. Qf2 Rfe8 18. Bb1 b5 19. Ne2 Bf5 20. Bxf5 Qxf5 21.
Ng3 Qd7 22. Re5 Ng4 23. fxg4 Bxh4 24. Qf5 Qc6 25. Rxd5 Bxg3 26. hxg3 Re2 27. Rf1
f6 28. Qf3 Qe6 29. Rc5 Rd8 30. Rc6 Qe3+ 31. Qxe3 Rxe3 32. Rd1 Rxg3 33. Rxa6 Rxg4
34. d5 Rd7 35. Rb6 b4 36. Rd3 Kf7 37. Rb5 h5 38. Rb3 Ra7 39. R3xb4 Rxb4 40. Rxb4
Rxa2 41. Rb7+ Kg6 42. d6 Ra1+ 43. Kh2 Rd1 44. d7 Kf5 45. d8=Q Rxd8 46. Rxg7 Rb8
47. Rg3 Rxb2 48. Rf3+ Kg6 49. Rg3+ Kf7 50. Rh3 Rb5 51. Rf3 Kg6 52. Rg3+ Rg5 53.
Rf3 Rg4 54. Rd3 Kg5 55. Rd8 Rh4+ 56. Kg3 Rg4+ 57. Kf3 Rc4 58. Rg8+ Kf5 59. Rh8
Rc3+ 60. Kf2 Kg4 61. Rg8+ Kf4 62. Rh8 Rc2+ 63. Kg1 Rc5 64. Kf2 Kg4 65. Rg8+ Rg5
66. Ra8 Rf5+ 67. Kg1 h4 68. Ra4+ Rf4 69. Ra3 f5 70. Ra8 Rd4 71. Rg8+ Kf4 72. Rh8
Kg3 73. Rg8+ Rg4 74. Ra8 Re4 75. Rg8+ Kf4 76. Kf2 Rb4 77. Rh8 Rb2+ 78. Kg1 Kg5
79. Rg8+ Kf6 80. Rh8 Rb4 81. Kh2 Rg4 82. Kh3 Rg3+ 83. Kh2 Rg4 84. Kh3 Rg3+ 85.
Kh2 Rg4 1/2-1/2

[Event "Chess.com Classic Div 3 W"]
[Site "chess.com INT"]
[Date "2024.05.10"]
[Round "1.5"]
[White "Daneshvar, Bardiya"]
[Black "Grandelius, Nils"]
[Result "0-1"]
[WhiteTitle "GM"]
[BlackTitle "GM"]
[WhiteElo "2582"]
[BlackElo "2664"]
[WhiteFideId "12576468"]
[BlackFideId "1710400"]
[EventDate "2024.05.10"]
[EventType "k.o."]

1. d4 d5 2. c4 c6 3. Nf3 Nf6 4. Nc3 e6 5. e3 a6 6. h3 Nbd7 7. Qc2 Bd6 8. b3 e5
9. Bb2 O-O 10. Be2 exd4 11. Nxd4 dxc4 12. Bxc4 Nb6 13. Be2 Qe7 14. Nf5 Bxf5 15.
Qxf5 Ba3 16. Qc2 Bxb2 17. Qxb2 Rad8 18. O-O Qe5 19. Rac1 Nbd5 20. Rc2 Nxc3 21.
Rxc3 Rd7 22. Rc2 Qxb2 23. Rxb2 Rfd8 24. Bf3 Rd2 25. Rfb1 Kf8 26. Kf1 Ke7 27. Ke1
Rxb2 28. Rxb2 a5 29. Rc2 Nd7 30. Be2 Kd6 31. h4 Kc7 32. g4 h6 33. Rc4 Ne5 34.
Ra4 Rd5 35. e4 Rc5 36. Kd2 g5 37. h5 b6 38. a3 Nd7 39. Rd4 Re5 40. Bc4 Nc5 41.
Ke3 f6 42. f4 gxf4+ 43. Kxf4 b5 44. Bg8 Re8 45. Bf7 Re7 46. Kf5 Rxf7 47. Kg6 Rf8
48. Kxh6 Rg8 49. Kh7 Rxg4 50. h6 Nxe4 51. Kh8 f5 52. h7 Ng5 0-1

[Event "Chess.com Classic Div 3 W"]
[Site "chess.com INT"]
[Date "2024.05.10"]
[Round "1.5"]
[White "Deac, Bogdan-Daniel"]
[Black "Andreikin, Dmitry"]
[Result "1/2-1/2"]
[WhiteTitle "GM"]
[BlackTitle "GM"]
[WhiteElo "2693"]
[BlackElo "2729"]
[WhiteFideId "1226380"]
[BlackFideId "4158814"]
[EventDate "2024.05.10"]
[EventType "k.o."]

1. e4 e5 2. Nf3 Nc6 3. Bb5 Nf6 4. d3 Bc5 5. c3 O-O 6. O-O d6 7. h3 h6 8. Re1 Bb6
9. Nbd2 Ne7 10. d4 Ng6 11. Nc4 Bd7 12. Nxb6 axb6 13. Bd3 Bc6 14. c4 Re8 15. d5
Bd7 16. Nh2 Nh7 17. Be3 Qh4 18. g3 Qd8 19. h4 c5 20. b4 Ra3 21. Bc1 Ra7 22. Nf1
Ne7 23. Ne3 Rf8 24. bxc5 bxc5 25. Qc2 Qc8 26. f4 f6 27. Rb1 Qc7 28. a3 Rb8 29.
Qf2 Nf8 30. Rf1 Neg6 31. Nf5 Nh7 32. Kh2 b6 33. Rb3 Rab7 34. Qe2 Bxf5 35. exf5
Nh8 36. Bd2 Nf7 37. a4 Re8 38. Qg2 Qd7 39. Ra1 Nf8 40. Bc2 Ra8 41. Rb2 Qc7 42.
Rab1 Nd7 43. Qe2 Rba7 44. Qd3 Qd8 45. h5 Qe7 46. Kg2 Qd8 47. Rb5 Qe7 48. Bc3 Kh7
49. Qd1 exf4 50. gxf4 Qe3 51. Qf3 Re8 52. Re1 Qxf3+ 53. Kxf3 Rxe1 54. Bxe1 Kg8
55. a5 bxa5 56. Rxa5 Rxa5 57. Bxa5 Kf8 58. Ba4 Ke7 59. Bc7 Nde5+ 60. fxe5 Nxe5+
61. Ke4 Nxc4 62. Bb5 Ne5 63. Ba5 Ng4 64. Bd2 Ne5 65. Bf4 Nf7 66. Kd3 Kd8 67. Kc3
Kc7 68. Be8 Ne5 69. Bg6 Nd7 70. Kb3 Nb6 71. Bf7 Nd7 72. Be6 Ne5 73. Kc3 1/2-1/2

[Event "Chess.com Classic Div 3 W"]
[Site "chess.com INT"]
[Date "2024.05.10"]
[Round "1.5"]
[White "Iturrizaga Bonelli, Eduardo"]
[Black "Mamedov, Rauf"]
[Result "1-0"]
[WhiteTitle "GM"]
[BlackTitle "GM"]
[WhiteElo "2591"]
[BlackElo "2651"]
[WhiteFideId "3901211"]
[BlackFideId "13401653"]
[EventDate "2024.05.10"]
[EventType "k.o."]

1. d4 d5 2. c4 e6 3. Nf3 c5 4. cxd5 exd5 5. Bg5 f6 6. Bd2 Nc6 7. e3 f5 8. Bb5
Nf6 9. O-O Bd7 10. Nc3 Bd6 11. dxc5 Bxc5 12. Rc1 Bd6 13. Qb3 Ne7 14. Bxd7+ Qxd7
15. Nb5 Bb8 16. Bc3 O-O 17. Rfd1 Ne4 18. Be5 a6 19. Nc7 Bxc7 20. Rxc7 Qe6 21.
Qxb7 Rae8 22. Qb3 h6 23. Rdc1 Rf7 24. Qa4 Ref8 25. Qd7 Qg6 26. Bd4 Qh5 27. Ne5
Qh4 28. g3 Qh5 29. Nxf7 Qf3 30. Rf1 Kh7 31. Qxe7 Rg8 32. Qh4 1-0

[Event "Chess.com Classic Div 3 W"]
[Site "chess.com INT"]
[Date "2024.05.10"]
[Round "1.5"]
[White "Sjugirov, Sanan"]
[Black "Tang, Andrew"]
[Result "0-1"]
[WhiteTitle "GM"]
[BlackTitle "GM"]
[WhiteElo "2692"]
[BlackElo "2505"]
[WhiteFideId "4189302"]
[BlackFideId "2059630"]
[EventDate "2024.05.10"]
[EventType "k.o."]

1. Nf3 d5 2. g3 Nf6 3. Bg2 e6 4. O-O Be7 5. c4 O-O 6. d4 dxc4 7. Qa4 a6 8. Qxc4
b5 9. Qc2 Bb7 10. Bd2 Ra7 11. Rc1 Be4 12. Qd1 Bxf3 13. Bxf3 Qxd4 14. a4 b4 15.
Qb3 Nd5 16. e4 Nb6 17. Be3 Qf6 18. Nd2 a5 19. h4 h6 20. Bg2 N8d7 21. f4 c5 22.
e5 Qg6 23. Bf2 h5 24. Be4 Qg4 25. Nf3 c4 26. Qc2 Bc5 27. Kg2 Nd5 28. Bxd5 exd5
29. Rd1 b3 30. Qe2 Bxf2 31. Qxf2 Rc7 32. Rxd5 Rfc8 33. Rad1 Nf8 34. Rb5 Ne6 35.
Kh2 c3 36. Rxb3 cxb2 37. Rxb2 Rc3 38. Rf1 Ra3 39. Ng5 Rxa4 40. Rc2 Nxg5 41. fxg5
Rxc2 42. Qxc2 Qc4 43. Qf5 Ra2+ 44. Kh3 Qe6 45. Qxe6 fxe6 46. g6 Rb2 47. Rc1 Rb8
48. Rc6 Ra8 49. Rxe6 a4 50. Rc6 a3 51. Rc1 a2 52. Ra1 Kf8 53. g4 Ra3+ 54. Kg2
hxg4 55. h5 Ra5 56. Kg3 Rxe5 57. Rxa2 Rxh5 58. Rf2+ Kg8 59. Re2 Rf5 60. Re8+ Rf8
61. Re7 Ra8 62. Kxg4 Ra4+ 63. Kf5 Ra5+ 64. Re5 Ra8 65. Re7 Rf8+ 66. Ke6 Ra8 67.
Kd7 Ra7+ 68. Ke6 Ra6+ 69. Kf5 Ra5+ 70. Re5 Ra8 71. Re7 Rf8+ 0-1

[Event "Chess.com Classic Div 3 W"]
[Site "chess.com INT"]
[Date "2024.05.10"]
[Round "2.1"]
[White "Andreikin, Dmitry"]
[Black "Radjabov, Teimour"]
[Result "1-0"]
[WhiteTitle "GM"]
[BlackTitle "GM"]
[WhiteElo "2729"]
[BlackElo "2723"]
[WhiteFideId "4158814"]
[BlackFideId "13400924"]
[EventDate "2024.05.10"]
[EventType "k.o."]

1. d4 Nf6 2. c4 g6 3. Nc3 Bg7 4. e4 d6 5. h3 e5 6. d5 a5 7. Be3 Na6 8. Bd3 Nd7
9. Nge2 Ndc5 10. Bc2 f5 11. exf5 gxf5 12. g4 e4 13. Rg1 Qe7 14. Qd2 fxg4 15.
O-O-O Nb4 16. Kb1 Bd7 17. hxg4 O-O-O 18. Bxc5 dxc5 19. Bxe4 Qd6 20. a3 Qa6 21.
axb4 axb4 22. Nb5 Bxb5 23. cxb5 Qxb5 24. Qg5 Rhg8 25. Bd3 c4 26. Qf5+ Rd7 27. d6
Qa4 28. Qe6 Rf8 29. Bf5 Rxf5 30. Qe8+ 1-0

[Event "Chess.com Classic Div 3 W"]
[Site "chess.com INT"]
[Date "2024.05.10"]
[Round "2.1"]
[White "Bok, Benjamin"]
[Black "Grandelius, Nils"]
[Result "0-1"]
[WhiteTitle "GM"]
[BlackTitle "GM"]
[WhiteElo "2599"]
[BlackElo "2664"]
[WhiteFideId "1017063"]
[BlackFideId "1710400"]
[EventDate "2024.05.10"]
[EventType "k.o."]

1. c4 c6 2. Nf3 d5 3. e3 Nf6 4. Nc3 a6 5. d4 e6 6. b3 Nbd7 7. Bb2 Bd6 8. Be2 e5
9. dxe5 Nxe5 10. cxd5 cxd5 11. O-O Nc6 12. g3 Be6 13. Rc1 O-O 14. Ng5 Qe7 15.
Nxe6 fxe6 16. Bf3 Rad8 17. Bg2 Ba3 18. Qe2 Bxb2 19. Qxb2 e5 20. e4 d4 21. Nd5
Nxd5 22. exd5 Nb4 23. Qa3 Qd6 24. Rce1 Nxd5 25. Qxd6 Rxd6 26. Rxe5 Nc3 27. Rc1
Rc8 28. Rce1 d3 29. Bxb7 Rcd8 30. Re8+ Rxe8 31. Rxe8+ Kf7 32. Ra8 Ne2+ 33. Kg2
d2 34. Ra7 d1=Q 35. Bd5+ Kf6 36. Bc4 Qg1+ 37. Kh3 Qf1+ 38. Kh4 Rd4+ 39. f4 Rxf4+
40. gxf4 Qxf4+ 41. Kh3 Qf3+ 42. Kh4 g5# 0-1

[Event "Chess.com Classic Div 3 W"]
[Site "chess.com INT"]
[Date "2024.05.10"]
[Round "2.1"]
[White "Giri, Anish"]
[Black "Paravyan, David"]
[Result "1-0"]
[WhiteTitle "GM"]
[BlackTitle "GM"]
[WhiteElo "2745"]
[BlackElo "2606"]
[WhiteFideId "24116068"]
[BlackFideId "4194985"]
[EventDate "2024.05.10"]
[EventType "k.o."]

1. Nf3 d5 2. d4 Nf6 3. c4 dxc4 4. e3 e6 5. Bxc4 c5 6. O-O a6 7. b3 Nbd7 8. Bb2
b5 9. Be2 Bb7 10. a4 b4 11. Nbd2 Be7 12. Nc4 O-O 13. Nfe5 cxd4 14. Bxd4 Nxe5 15.
Bxe5 Ne4 16. Bf3 f5 17. Rc1 Rc8 18. Qe2 Bd5 19. Rfd1 Qe8 20. Bxe4 Bxe4 21. Nd6
Bxd6 22. Bxd6 Rf7 23. Qxa6 Rc6 24. Rxc6 Qxc6 25. Qxc6 Bxc6 26. Rc1 Bb7 27. Bxb4
Rd7 28. Bc5 Rd3 29. b4 Ra3 30. a5 g5 31. h3 h5 32. Be7 g4 33. hxg4 hxg4 34. Kh2
Ra2 35. Kg3 Bd5 36. Bf6 Kf7 37. Bc3 Bc4 38. Bd4 Bd3 39. f3 Ra4 40. Bc3 gxf3 41.
gxf3 e5 42. Bxe5 Rxb4 43. Rc3 Be2 44. Rc6 Ra4 45. Rf6+ Ke7 46. Rxf5 Ke6 47. Rh5
Rxa5 48. Rh6+ Kf7 49. Rf6+ Ke7 50. Bd4 Rg5+ 51. Kf2 Bc4 52. e4 Rh5 53. Rc6 Bb5
54. Rb6 Bd7 55. Bf6+ Kf7 56. Rb7 Ke6 57. Ra7 Rc5 58. Bd4 Rc1 59. Ke3 Bc6 60. Ra6
Kd7 61. Ra3 Re1+ 62. Kf4 Rf1 63. Ke5 Bb7 64. Bc5 Rh1 65. Rd3+ Ke8 66. Be3 Rh7
67. Bg5 Rd7 68. Rb3 Kf7 69. Rb6 Ba8 70. Rf6+ Kg8 71. Rf4 Ra7 72. Bf6 Ra5+ 73.
Ke6 Ra6+ 74. Kf5 Bc6 75. Rg4+ Kf8 76. Rg7 Ra3 77. Kf4 Ra6 78. Rc7 Ke8 79. Re7+
Kf8 80. Bg5 Be8 81. Rb7 Bh5 82. Rh7 Bg6 83. Rh8+ Kg7 84. Rh2 Ra3 85. Kg4 Rb3 86.
Rd2 Rb4 87. Rd7+ Kg8 88. Re7 Kf8 89. Re5 Kf7 90. Re7+ Kg8 91. Bf6 Kf8 92. Kg5
Be8 93. Rc7 Ra4 94. e5 Ra1 95. f4 Re1 96. Bg7+ Kg8 97. f5 Bb5 98. Kf6 Ba6 99.
Rd7 Kh7 100. Rd8 Rxe5 101. Rh8# 1-0

[Event "Chess.com Classic Div 3 W"]
[Site "chess.com INT"]
[Date "2024.05.10"]
[Round "2.1"]
[White "Idani, Pouya"]
[Black "Tang, Andrew"]
[Result "1-0"]
[WhiteTitle "GM"]
[BlackTitle "GM"]
[WhiteElo "2605"]
[BlackElo "2505"]
[WhiteFideId "12510130"]
[BlackFideId "2059630"]
[EventDate "2024.05.10"]
[EventType "k.o."]

1. e4 e5 2. Nf3 Nc6 3. Bb5 a6 4. Ba4 Nf6 5. O-O Be7 6. d3 b5 7. Bb3 d6 8. a3 Na5
9. Ba2 Be6 10. b4 Bxa2 11. Rxa2 Nc6 12. Re1 O-O 13. c4 Qd7 14. Nc3 Rfb8 15. Be3
Nd8 16. cxb5 axb5 17. d4 exd4 18. Nxd4 Nc6 19. Nf5 Bf8 20. Bg5 Nxe4 21. Qg4 Nxc3
22. Nh6+ gxh6 23. Qxd7 hxg5 24. Rc2 Ne5 25. Rxe5 dxe5 26. Rxc3 c5 27. Rg3 h6 28.
h4 Rd8 29. Qf5 Be7 30. hxg5 hxg5 31. Qxe5 Rd1+ 32. Kh2 Ra6 33. Qxe7 1-0

[Event "Chess.com Classic Div 3 W"]
[Site "chess.com INT"]
[Date "2024.05.10"]
[Round "2.1"]
[White "Kozak, Adam"]
[Black "Sadhwani, Raunak"]
[Result "1-0"]
[WhiteTitle "GM"]
[BlackTitle "GM"]
[WhiteElo "2607"]
[BlackElo "2654"]
[WhiteFideId "753246"]
[BlackFideId "35093487"]
[EventDate "2024.05.10"]
[EventType "k.o."]

1. c4 e5 2. Nc3 d6 3. Nf3 f5 4. d4 e4 5. Ng5 Be7 6. h4 c6 7. g3 Nf6 8. Qb3 Na6
9. Bg2 O-O 10. O-O Nc7 11. d5 c5 12. Qc2 Ng4 13. f3 exf3 14. exf3 Ne5 15. b3 Bf6
16. Bd2 Rb8 17. Rae1 Re8 18. f4 Ng4 19. Bf3 Bd4+ 20. Kg2 Nf6 21. Rxe8+ Qxe8 22.
Re1 Qf8 23. Ne2 h6 24. Nxd4 hxg5 25. fxg5 Ne4 26. Ne2 1-0

[Event "Chess.com Classic Div 3 W"]
[Site "chess.com INT"]
[Date "2024.05.10"]
[Round "2.1"]
[White "Le, Tuan Minh"]
[Black "Iturrizaga Bonelli, Eduardo"]
[Result "1-0"]
[WhiteTitle "GM"]
[BlackTitle "GM"]
[WhiteElo "2567"]
[BlackElo "2591"]
[WhiteFideId "12401153"]
[BlackFideId "3901211"]
[EventDate "2024.05.10"]
[EventType "k.o."]

1. d4 Nf6 2. Nf3 c6 3. Bf4 Qb6 4. Qc1 d6 5. h3 g6 6. e3 Bg7 7. Bd3 Nbd7 8. O-O
O-O 9. Nbd2 Re8 10. Bh2 e5 11. e4 Qc7 12. c3 b6 13. a4 a6 14. Qc2 Bb7 15. Rfe1
Nh5 16. Bf1 Nf4 17. b4 Rad8 18. Nc4 Nf8 19. dxe5 dxe5 20. Rad1 Bc8 21. Rxd8 Rxd8
22. Rd1 Rxd1 23. Qxd1 b5 24. Qd6 Qxd6 25. Nxd6 Be6 26. a5 f6 27. c4 Nd7 28. Bxf4
exf4 29. Nd4 Bf8 30. N6xb5 Bf7 31. Nxc6 axb5 32. cxb5 f5 33. b6 fxe4 34. b7 Bd5
35. Bb5 e3 36. fxe3 fxe3 37. a6 Bxc6 38. Bxc6 Bxb4 39. Bxd7 1-0

[Event "Chess.com Classic Div 3 W"]
[Site "chess.com INT"]
[Date "2024.05.10"]
[Round "2.1"]
[White "Nguyen, Ngoc Truong Son"]
[Black "Gledura, Benjamin"]
[Result "1/2-1/2"]
[WhiteTitle "GM"]
[BlackTitle "GM"]
[WhiteElo "2633"]
[BlackElo "2619"]
[WhiteFideId "12401110"]
[BlackFideId "712779"]
[EventDate "2024.05.10"]
[EventType "k.o."]

1. d4 d5 2. Nf3 Nf6 3. Bf4 c5 4. e3 Nc6 5. Nbd2 Bg4 6. c3 e6 7. h3 Bh5 8. dxc5
Bxc5 9. Be2 O-O 10. O-O Rc8 11. Rc1 Qb6 12. b4 Be7 13. a3 Rfd8 14. Ne5 Bxe2 15.
Qxe2 Nxe5 16. Bxe5 Qc6 17. c4 Qa4 18. Bb2 Qa6 19. Rfe1 h6 20. c5 Qa4 21. Qd1 Qa6
22. Qe2 Qa4 23. Qd1 Qa6 24. Qe2 1/2-1/2

[Event "Chess.com Classic Div 3 W"]
[Site "chess.com INT"]
[Date "2024.05.10"]
[Round "2.1"]
[White "Warmerdam, Max"]
[Black "Karthikeyan, Murali"]
[Result "1/2-1/2"]
[WhiteTitle "GM"]
[BlackTitle "GM"]
[WhiteElo "2652"]
[BlackElo "2610"]
[WhiteFideId "1048104"]
[BlackFideId "5074452"]
[EventDate "2024.05.10"]
[EventType "k.o."]

1. Nf3 Nf6 2. c4 e6 3. g3 d5 4. Bg2 dxc4 5. Qa4+ Bd7 6. Qxc4 Bc6 7. O-O Nbd7 8.
Qc2 Be7 9. Nc3 O-O 10. d4 b5 11. Bf4 Rc8 12. Rac1 b4 13. Na4 Be4 14. Qc4 c5 15.
Qa6 Nd5 16. Ne5 Bxg2 17. Kxg2 N7b6 18. dxc5 Nxa4 19. Qxa4 Bxc5 20. Nd3 Qb6 21.
Bd2 f5 22. Nxc5 Rxc5 23. Rxc5 Qxc5 24. Qd7 Qb6 25. Rc1 Rd8 26. Rc8 Rxc8 27.
Qxc8+ Kf7 28. Qd7+ Kf8 29. Bg5 h6 30. Bd8 Qa6 31. e3 Qxa2 32. Qd6+ Kf7 33. Qd7+
Kf8 34. Qd6+ Kf7 35. Qd7+ Kf8 1/2-1/2

[Event "Chess.com Classic Div 3 W"]
[Site "chess.com INT"]
[Date "2024.05.10"]
[Round "2.2"]
[White "Gledura, Benjamin"]
[Black "Nguyen, Ngoc Truong Son"]
[Result "1-0"]
[WhiteTitle "GM"]
[BlackTitle "GM"]
[WhiteElo "2619"]
[BlackElo "2633"]
[WhiteFideId "712779"]
[BlackFideId "12401110"]
[EventDate "2024.05.10"]
[EventType "k.o."]

1. Nf3 d5 2. g3 g6 3. Bg2 Bg7 4. O-O c6 5. d3 Bg4 6. Nbd2 Nd7 7. h3 Bxf3 8. Nxf3
Ngf6 9. c4 dxc4 10. dxc4 O-O 11. Qc2 Qc7 12. Rd1 Rfd8 13. Bf4 e5 14. Be3 Bf8 15.
c5 Nd5 16. Bg5 Re8 17. e4 N5f6 18. Be3 Rad8 19. Bf1 Bg7 20. Bc4 h6 21. Rd6 Bf8
22. Rad1 Bxd6 23. cxd6 Qb8 24. Bxh6 Rf8 25. Ng5 Nb6 26. Bxf8 Rxf8 27. Bb3 Qe8
28. Qc5 Kg7 29. Qa5 Nfd7 30. Qxa7 Qd8 31. Nxf7 Rxf7 32. Bxf7 Kxf7 33. Qxb7 c5
34. a4 Kg7 35. a5 Qc8 36. Qc7 1-0

[Event "Chess.com Classic Div 3 W"]
[Site "chess.com INT"]
[Date "2024.05.10"]
[Round "2.2"]
[White "Grandelius, Nils"]
[Black "Bok, Benjamin"]
[Result "1/2-1/2"]
[WhiteTitle "GM"]
[BlackTitle "GM"]
[WhiteElo "2664"]
[BlackElo "2599"]
[WhiteFideId "1710400"]
[BlackFideId "1017063"]
[EventDate "2024.05.10"]
[EventType "k.o."]

1. e4 e5 2. Nf3 Nc6 3. Bb5 Nf6 4. O-O Nxe4 5. d4 Nd6 6. dxe5 Nxb5 7. a4 Nbd4 8.
Nxd4 d5 9. exd6 Nxd4 10. Qxd4 Qxd6 11. Qe4+ Qe6 12. Qd4 Qd6 13. Qe3+ Be6 14. Nc3
a6 15. Rd1 Qc6 16. h4 Bd6 17. Nb5 Rd8 18. Nxd6+ Rxd6 19. Rxd6 Qxd6 20. Bd2 f6
21. Bb4 Qb6 22. Qc3 Kf7 23. Ba5 Qd6 24. Bxc7 Qd7 25. Bf4 Rc8 26. Qf3 Rxc2 27.
Rd1 Qc8 28. h5 Kg8 29. h6 Bg4 30. Qd5+ Be6 31. Qd6 Kf7 32. hxg7 Rc6 33. Qb4 Kxg7
34. Be3 Bf5 35. Qe7+ Kg6 36. Rd8 Rc1+ 37. Bxc1 Qxc1+ 38. Kh2 Qf4+ 39. Kg1 Qc1+
40. Kh2 Qf4+ 41. Kg1 Qc1+ 1/2-1/2

[Event "Chess.com Classic Div 3 W"]
[Site "chess.com INT"]
[Date "2024.05.10"]
[Round "2.2"]
[White "Iturrizaga Bonelli, Eduardo"]
[Black "Le, Tuan Minh"]
[Result "1/2-1/2"]
[WhiteTitle "GM"]
[BlackTitle "GM"]
[WhiteElo "2591"]
[BlackElo "2567"]
[WhiteFideId "3901211"]
[BlackFideId "12401153"]
[EventDate "2024.05.10"]
[EventType "k.o."]

1. d4 d5 2. c4 c6 3. Nc3 Nf6 4. Nf3 a6 5. Bg5 dxc4 6. a4 h6 7. Bh4 e6 8. e3 b5
9. axb5 cxb5 10. Bxf6 gxf6 11. Nxb5 axb5 12. Rxa8 Bb7 13. Ra1 Bb4+ 14. Ke2 Be4
15. Ne1 Nc6 16. f3 Bg6 17. Kf2 O-O 18. b3 Bc3 19. Rc1 Bb2 20. bxc4 Bxc1 21. Qxc1
bxc4 22. Bxc4 Nxd4 23. Qc3 Nc6 24. Be2 Ne5 25. f4 Nd7 26. Nf3 Qc8 27. Rc1 Qxc3
28. Rxc3 Ra8 29. Nd4 Ra2 30. Rc8+ Kg7 31. Rc7 Nf8 32. Kg3 Ra3 33. Kf2 e5 34. Nb5
Ra2 35. Nc3 Rc2 1/2-1/2

[Event "Chess.com Classic Div 3 W"]
[Site "chess.com INT"]
[Date "2024.05.10"]
[Round "2.2"]
[White "Karthikeyan, Murali"]
[Black "Warmerdam, Max"]
[Result "1-0"]
[WhiteTitle "GM"]
[BlackTitle "GM"]
[WhiteElo "2610"]
[BlackElo "2652"]
[WhiteFideId "5074452"]
[BlackFideId "1048104"]
[EventDate "2024.05.10"]
[EventType "k.o."]

1. e4 e5 2. Nf3 Nc6 3. Bb5 a6 4. Ba4 Nf6 5. O-O Be7 6. Re1 b5 7. Bb3 d6 8. c3
O-O 9. h3 Bb7 10. d4 Re8 11. Nbd2 Bf8 12. Bc2 g6 13. d5 Nb8 14. c4 c6 15. b3 a5
16. Nf1 a4 17. cxb5 cxd5 18. exd5 Nxd5 19. Bd2 a3 20. Be4 Qb6 21. Ng5 f5 22. Qf3
Qxb5 23. Bd3 Qd7 24. Bc4 e4 25. Nxe4 fxe4 26. Rxe4 Rxe4 27. Qxe4 Qf7 28. Ne3 Nd7
29. Bxd5 Bxd5 30. Qxd5 Qxd5 31. Nxd5 Nc5 32. Bb4 Bg7 33. Rb1 Kf7 34. Kf1 Ra7 35.
Ne3 Ke6 36. Nc4 Nd3 37. Bxd6 Nb2 38. Bc5 Rc7 39. Bxa3 Nxc4 40. bxc4 Rxc4 41. Bb4
Rc2 42. Re1+ Kf7 43. Re7+ Kg8 44. a3 Bd4 45. Re2 Rc1+ 46. Re1 Rc2 47. Re8+ Kf7
48. Rf8+ Kg7 49. Rf4 Be5 50. Re4 Kf6 51. g4 g5 52. Re2 Rc1+ 53. Kg2 h6 54. Be7+
Ke6 55. Bf8 Kd5 56. Bxh6 Bf4 57. h4 Rc3 58. Bxg5 1-0

[Event "Chess.com Classic Div 3 W"]
[Site "chess.com INT"]
[Date "2024.05.10"]
[Round "2.2"]
[White "Paravyan, David"]
[Black "Giri, Anish"]
[Result "1-0"]
[WhiteTitle "GM"]
[BlackTitle "GM"]
[WhiteElo "2606"]
[BlackElo "2745"]
[WhiteFideId "4194985"]
[BlackFideId "24116068"]
[EventDate "2024.05.10"]
[EventType "k.o."]

1. e4 e5 2. Nf3 Nc6 3. Bb5 Nf6 4. O-O Nxe4 5. d4 Nd6 6. Bxc6 dxc6 7. dxe5 Nf5 8.
Qxd8+ Kxd8 9. Nc3 Ke8 10. h3 h5 11. a4 a5 12. Ne2 Be7 13. Bg5 b6 14. Rfe1 c5 15.
Bxe7 Kxe7 16. Nf4 Be6 17. Ng5 Nd4 18. Ngxe6 Nxe6 19. Nd5+ Kd7 20. Rad1 Kc6 21.
Rd2 Rae8 22. f4 Nd4 23. Ne3 g6 24. c3 Nf5 25. Nxf5 gxf5 26. h4 Rd8 27. Red1 Rxd2
28. Rxd2 Rg8 29. Kf2 Rg4 30. g3 Rg8 31. c4 Re8 32. b3 Rg8 33. Kf3 Re8 34. Kg2
Rg8 35. Kf2 Re8 36. Rd3 Rg8 37. Rd1 Re8 38. Kg2 Rg8 39. Kf3 Rh8 40. g4 fxg4+ 41.
Kg3 Re8 42. Rd5 Re6 43. f5 Re7 44. f6 Re8 45. Kf4 Rg8 46. e6 fxe6 47. Rg5 Rf8
48. Ke5 Kd7 49. Rg7+ Kc6 50. f7 Kd7 51. Kf6 Kd6 52. Rg8 Rxf7+ 53. Kxf7 Ke5 54.
Rg5+ Kd4 55. Kxe6 Kc3 56. Rxh5 Kxb3 57. Rg5 Kxa4 58. h5 Kb3 59. h6 a4 60. h7 a3
61. h8=Q 1-0

[Event "Chess.com Classic Div 3 W"]
[Site "chess.com INT"]
[Date "2024.05.10"]
[Round "2.2"]
[White "Sadhwani, Raunak"]
[Black "Kozak, Adam"]
[Result "1/2-1/2"]
[WhiteTitle "GM"]
[BlackTitle "GM"]
[WhiteElo "2654"]
[BlackElo "2607"]
[WhiteFideId "35093487"]
[BlackFideId "753246"]
[EventDate "2024.05.10"]
[EventType "k.o."]

1. e4 e5 2. Nf3 Nc6 3. Bc4 Bc5 4. d3 Nf6 5. O-O d6 6. c3 a6 7. Re1 Ba7 8. Nbd2
O-O 9. Nf1 Be6 10. Bxe6 fxe6 11. Be3 Bxe3 12. Nxe3 Qe8 13. g3 Qh5 14. Kg2 Kh8
15. h4 h6 16. Nh2 Qg6 17. Neg4 Nxg4 18. Qxg4 Qf7 19. Qe2 Qg6 20. b4 Rf7 21. Qg4
Qf6 22. Re2 Raf8 23. a4 Nb8 24. Rf1 Nd7 25. Re3 Qe7 26. Qd1 Nf6 27. d4 exd4 28.
cxd4 e5 29. d5 c6 30. dxc6 bxc6 31. Qd3 d5 32. exd5 cxd5 33. Qxa6 d4 34. Ree1 e4
35. Qc4 Qd6 36. Qc5 Qd7 37. Rc1 d3 38. b5 Nd5 39. b6 d2 40. Rcd1 e3 41. fxe3
Rxf1 42. Nxf1 Qf5 43. Kh2 Qf2+ 44. Kh3 Qf5+ 45. Kh2 Qf2+ 46. Kh3 Qf5+ 47. Kh2 1/2-1/2